KOMŞUDAKİ TİYATRO (Record no. 1114666)

MARC details
000 -LEADER
sabit uzunluktaki kontrol alanı 00238nam a2200097Ia 4500
001 - KONTROL NUMARASI
kontrol alanı 1114666
005 - EN SON İŞLEMİN TARİH VE ZAMANI
kontrol alanı 20250827004012.0
008 - SABİT-UZUNLUKTA VERİ ÖĞELERİ--GENEL BİLGİ
sabit uzunluktaki kontrol alanı 250824s9999 xx 000 0 und d
245 #0 - ESER / YAZAR
ESER ADI KOMŞUDAKİ TİYATRO
Yazar Adı SONJA DANOWSKİ
260 ## - YAYIN, DAĞITIM, VB.
YAYIN EVİ KETEBE
Holdings
Düşüm durumu Kayıp durumu Hasar Durumu Ödünç verilmez Ana kütüphane Geçerli Kütüphane Edinilen tarih Toplam ödünç verme sayısı Barkod Son görüntüleme tarihi Fiyatın geçerli olmaya başladığı tarih Koha materyal türü
        ŞÜKRİYE ONSUN İLKOKULU ŞÜKRİYE ONSUN İLKOKULU 24.08.2025   10155004 27.08.2025 27.08.2025 Books